Normal view
MARC view
- CORNFORTH, DEREK H
Entry Personal Name
001 - CONTROL NUMBER
- control field: 36279
003 - CONTROL NUMBER IDENTIFIER
- control field: NUST
005 - DATE AND TIME OF LATEST TRANSACTION
- control field: 20210314125949.0
008 - FIXED-LENGTH DATA ELEMENTS
- fixed length control field: 210314|| aca||aabn | a|a d
040 ## - CATALOGING SOURCE
- Original cataloging agency: NUST
- Transcribing agency: NUST
100 ## - HEADING--PERSONAL NAME
- Personal name: CORNFORTH, DEREK H
670 ## - SOURCE DATA FOUND
- Source citation: Work cat.: (NUST): CORNFORTH, DEREK H, landslides in pratice , 2006.
